Kraje, których stolica nie jest jego największym miastem - Statystyki

Ogólne statystyki
  • Ten quiz został rozwiązany 1 304 razy
    97 od ostatniego zresetowania
  • Średni wynik to 15 z 36
Statystyki odpowiedzi
Nazwa Kraju % Poprawnych
Stany Zjednoczone
91%
Australia
82%
Kanada
80%
Chiny
76%
Szwajcaria
76%
Brazylia
75%
Indie
68%
Turcja
65%
Republika Południowej Afryki
59%
Nowa Zelandia
58%
Nigeria
56%
Kazachstan
53%
Zjednoczone Emiraty Arabskie
53%
Pakistan
52%
Wietnam
49%
Boliwia
44%
Maroko
43%
Mjanma
34%
San Marino
34%
Sudan
34%
Tanzania
34%
Liechtenstein
32%
Wybrzeże Kości Słoniowej
30%
Tajwan
29%
Ekwador
28%
Filipiny
28%
Sri Lanka
28%
Malta
23%
Belize
22%
Benin
22%
Kamerun
22%
Palau
19%
Sudan Południowy
16%
Trynidad i Tobago
13%
Mikronezja
10%
Gwinea Równikowa
8%
Nie znaleziono quizów pasujących do podanych kryteriów
Rozkład punktacji
Procent ludzi z każdym wynikiem
Percentyl według liczby udzielonych odpowiedzi
Twoja historia wyników
Nie rozwiązałeś tego quizu od ostatniego zresetowania